Herrschaftslegitimation in vorderorientalischen Reichen der Eisenzeit /

محفوظ في:

مؤلفون آخرون: Levin, Christoph, 1950-, Müller, Reinhard, 1972-

التنسيق: كتاب

اللغة: German

منشور في: Tubingen : Mohr Siebeck, [2017].

سلاسل: Orientalische Religionen in der Antike ; 21.

الموضوعات:

الوسوم: إضافة وسم

لا توجد وسوم, كن أول من يضع وسما على هذه التسجيلة!

رقم الطلب: DS62.2 .H47 2017

LEADER 01148namaa2200301 4500
003 OSt
005 20260126140050.0
008 130303s2017 gw a b 001 0 ger d
020 |a 9783161548581 
040 |c ARCE Library 
043 |a aw-----  |a f-ua--- 
050 4 |a DS62.2 .H47 2017 
245 0 0 |a Herrschaftslegitimation in vorderorientalischen Reichen der Eisenzeit /  |c herausgegeben von Christoph Levin and Reinhard Müller. 
264 1 |a Tubingen :  |b Mohr Siebeck,  |c [2017]. 
300 |a xi, 315 pages :  |b illustrations ;  |c 25 cm. 
490 1 |a Orientalische Religionen in der Antike ;   |v 21. 
500 |a International conference proceedings. 
504 |a Includes bibliographical references and indexes. 
546 |a 6 German, 5 English contributions. 
650 0 |a Kings and rulers  |x History  |y To 1500  |v Congresses. 
650 0 |a Kings and rulers, Ancient  |v Congresses. 
651 0 |a Middle East  |x Civilization  |y To 622  |v Congresses. 
700 1 |a Levin, Christoph,   |d 1950-   |9 34714 
700 1 |a Müller, Reinhard,  |d 1972-  
830 0 |a Orientalische Religionen in der Antike ;  |v 21. 
901 |a reviewed 
942 |c BK  |2 lcc 
999 |c 6703  |d 6703